[Event "DVM U20 2023"]
[Site "Magdeburg GER"]
[Date "2023.12.29"]
[Round "5"]
[White "Tulchynsky, David"]
[Black "Hanmuradov, Ülwi"]
[Result "1/2-1/2"]
[Termination "normal"]
[Board "5.5"]
[WhiteElo "1748"]
[BlackElo "1867"]
[WhiteClock "00:58:14"]
[BlackClock "00:00:36"]
[WhiteTeam "KSV Rochade Göttingen (Veltheim)"]
[BlackTeam "ESV Gera"]
[PlyCount "109"]
[WhiteFideId "16289560"]
[BlackFideId "34658840"]
[EventCountry "GER"]
[EventRounds "7"]
[EventType "team-swiss"]
[EventDate "2023.12.26"]

1. e4 {[%clk 01:30:54]} {[%emt 00:00:06]} c5 {[%clk 01:30:53]} {[%emt
00:00:07]} 2. d4 {[%clk 01:31:18]} {[%emt 00:00:05]} cxd4 {[%clk 01:31:05]}
{[%emt 00:00:19]} 3. c3 {[%clk 01:31:41]} {[%emt 00:00:06]} dxc3 {[%clk
01:31:30]} {[%emt 00:00:05]} 4. Nxc3 {[%clk 01:32:05]} {[%emt 00:00:06]} Nc6
{[%clk 01:31:49]} {[%emt 00:00:12]} 5. Nf3 {[%clk 01:32:32]} {[%emt 00:00:04]}
e6 {[%clk 01:32:12]} {[%emt 00:00:06]} 6. Bc4 {[%clk 01:32:58]} {[%emt
00:00:04]} d6 {[%clk 01:32:38]} {[%emt 00:00:05]} 7. O-O {[%clk 01:33:25]}
{[%emt 00:00:04]} Be7 {[%clk 01:32:55]} {[%emt 00:00:13]} 8. Qe2 {[%clk
01:33:44]} {[%emt 00:00:11]} a6 {[%clk 01:33:19]} {[%emt 00:00:06]} 9. Bb3
{[%clk 01:34:04]} {[%emt 00:00:10]} Nf6 {[%clk 01:32:43]} {[%emt 00:01:06]} 10.
Rd1 {[%clk 01:32:57]} {[%emt 00:01:37]} Qc7 {[%clk 01:30:49]} {[%emt 00:02:24]}
11. Bf4 {[%clk 01:32:10]} {[%emt 00:01:18]} O-O {[%clk 01:26:38]} {[%emt
00:04:42]} 12. Rac1 {[%clk 01:27:36]} {[%emt 00:05:03]} e5 {[%clk 01:13:30]}
{[%emt 00:13:38]} 13. Bg5 {[%clk 01:26:57]} {[%emt 00:01:09]} Bg4 {[%clk
01:05:53]} {[%emt 00:08:06]} 14. Be3 {[%clk 01:08:02]} {[%emt 00:19:26]} Qd7
{[%clk 00:50:42]} {[%emt 00:15:41]} 15. Na4 {[%clk 01:04:15]} {[%emt 00:04:17]}
Bxf3 {[%clk 00:43:24]} {[%emt 00:07:48]} 16. gxf3 {[%clk 01:00:51]} {[%emt
00:03:55]} Qh3 {[%clk 00:38:09]} {[%emt 00:05:45]} 17. Nb6 {[%clk 01:01:03]}
{[%emt 00:00:18]} Rad8 {[%clk 00:38:01]} {[%emt 00:00:38]} 18. Kh1 {[%clk
01:00:53]} {[%emt 00:00:40]} Nh5 {[%clk 00:36:48]} {[%emt 00:01:43]} 19. Bd5
{[%clk 00:58:22]} {[%emt 00:03:00]} Nd4 {[%clk 00:35:10]} {[%emt 00:02:08]} 20.
Rxd4 {[%clk 00:56:57]} {[%emt 00:01:56]} exd4 {[%clk 00:35:15]} {[%emt
00:00:25]} 21. Bd2 {[%clk 00:57:22]} {[%emt 00:00:05]} Bh4 {[%clk 00:31:12]}
{[%emt 00:04:32]} 22. Rg1 {[%clk 00:57:11]} {[%emt 00:00:42]} Kh8 {[%clk
00:20:53]} {[%emt 00:10:49]} 23. Bc1 {[%clk 00:52:38]} {[%emt 00:05:04]} d3
{[%clk 00:20:09]} {[%emt 00:01:13]} 24. Qe3 {[%clk 00:50:50]} {[%emt 00:02:18]}
f5 {[%clk 00:19:47]} {[%emt 00:00:51]} 25. Be6 {[%clk 00:51:18]} {[%emt
00:00:03]} f4 {[%clk 00:12:09]} {[%emt 00:08:08]} 26. Bxh3 {[%clk 00:51:42]}
{[%emt 00:00:06]} fxe3 {[%clk 00:12:37]} {[%emt 00:00:02]} 27. Bxe3 {[%clk
00:52:06]} {[%emt 00:00:06]} Nf4 {[%clk 00:08:50]} {[%emt 00:04:18]} 28. Bg2
{[%clk 00:41:13]} {[%emt 00:11:24]} d5 {[%clk 00:01:20]} {[%emt 00:08:00]} 29.
Bxf4 {[%clk 00:41:28]} {[%emt 00:00:14]} Rxf4 {[%clk 00:01:40]} {[%emt
00:00:11]} 30. Nxd5 {[%clk 00:41:55]} {[%emt 00:00:02]} Rxd5 {[%clk 00:00:50]}
{[%emt 00:01:20]} 31. exd5 {[%clk 00:42:20]} {[%emt 00:00:06]} Bxf2 {[%clk
00:00:53]} {[%emt 00:00:27]} 32. Rd1 {[%clk 00:41:45]} {[%emt 00:01:04]} Rd4
{[%clk 00:01:01]} {[%emt 00:00:22]} 33. f4 {[%clk 00:40:33]} {[%emt 00:01:43]}
Be3 {[%clk 00:01:05]} {[%emt 00:00:25]} 34. f5 {[%clk 00:40:30]} {[%emt
00:00:33]} d2 {[%clk 00:01:20]} {[%emt 00:00:16]} 35. d6 {[%clk 00:40:54]}
{[%emt 00:00:05]} Rxd6 {[%clk 00:01:12]} {[%emt 00:00:37]} 36. Bxb7 {[%clk
00:41:04]} {[%emt 00:00:20]} Rb6 {[%clk 00:00:55]} {[%emt 00:00:48]} 37. Bc8
{[%clk 00:41:33]} {[%emt 00:00:01]} Rc6 {[%clk 00:01:06]} {[%emt 00:00:18]} 38.
Be6 {[%clk 00:41:42]} {[%emt 00:00:22]} Rc2 {[%clk 00:00:36]} {[%emt 00:01:00]}
39. b4 {[%clk 00:41:47]} {[%emt 00:00:25]} h5 {[%clk 00:00:32]} {[%emt
00:00:34]} 40. Kg2 {[%clk 00:41:49]} {[%emt 00:00:28]} Kh7 {[%clk 00:00:35]}
{[%emt 00:00:28]} 41. f6 {[%clk 00:42:05]} {[%emt 00:00:15]} g6 {[%clk
00:30:30]} {[%emt 00:00:35]} 42. f7 {[%clk 01:12:28]} {[%emt 00:00:07]} Kg7
{[%clk 00:27:11]} {[%emt 00:03:48]} 43. Bb3 {[%clk 01:11:20]} {[%emt 00:01:38]}
Rc6 {[%clk 00:21:37]} {[%emt 00:06:04]} 44. Kf3 {[%clk 01:06:04]} {[%emt
00:05:46]} Bg5 {[%clk 00:21:27]} {[%emt 00:00:40]} 45. Bd5 {[%clk 01:05:02]}
{[%emt 00:01:32]} Rb6 {[%clk 00:18:19]} {[%emt 00:03:38]} 46. a3 {[%clk
01:05:25]} {[%emt 00:00:08]} a5 {[%clk 00:14:11]} {[%emt 00:04:37]} 47. bxa5
{[%clk 01:05:03]} {[%emt 00:00:52]} Rb5 {[%clk 00:11:33]} {[%emt 00:03:09]} 48.
Ke4 {[%clk 01:04:04]} {[%emt 00:01:28]} Rxa5 {[%clk 00:08:17]} {[%emt
00:03:46]} 49. Rf1 {[%clk 01:03:52]} {[%emt 00:00:41]} Kf8 {[%clk 00:08:38]}
{[%emt 00:00:11]} 50. Rb1 {[%clk 01:04:15]} {[%emt 00:00:06]} Ra4+ {[%clk
00:06:14]} {[%emt 00:02:54]} 51. Kf3 {[%clk 01:04:27]} {[%emt 00:00:19]} Rxa3+
{[%clk 00:02:20]} {[%emt 00:04:23]} 52. Ke2 {[%clk 01:04:11]} {[%emt 00:00:46]}
Bf4 {[%clk 00:01:38]} {[%emt 00:01:11]} 53. Rf1 {[%clk 00:58:20]} {[%emt
00:06:21]} Bh6 {[%clk 00:00:31]} {[%emt 00:01:38]} 54. Rb1 {[%clk 00:58:37]}
{[%emt 00:00:12]} Bf4 {[%clk 00:00:36]} {[%emt 00:00:26]} 55. Rf1 {[%clk
00:58:14]} {[%emt 00:00:21]} 1/2-1/2

[Event "DVM U20 2023"]
[Site "Magdeburg GER"]
[Date "2023.12.29"]
[Round "5"]
[White "Schulter, Moritz"]
[Black "Tulchynsky, Mark"]
[Result "1-0"]
[Termination "normal"]
[Board "5.6"]
[WhiteElo "1594"]
[BlackElo "1625"]
[WhiteClock "00:01:57"]
[BlackClock "00:00:47"]
[WhiteTeam "ESV Gera"]
[BlackTeam "KSV Rochade Göttingen (Veltheim)"]
[PlyCount "47"]
[WhiteFideId "16245067"]
[BlackFideId "34617698"]
[EventCountry "GER"]
[EventRounds "7"]
[EventType "team-swiss"]
[EventDate "2023.12.26"]

1. c4 {[%clk 01:30:58]} {[%emt 00:00:01]} e5 {[%clk 01:30:51]} {[%emt
00:00:11]} 2. Nc3 {[%clk 01:31:24]} {[%emt 00:00:04]} f5 {[%clk 01:30:34]}
{[%emt 00:00:46]} 3. d4 {[%clk 01:31:00]} {[%emt 00:00:54]} exd4 {[%clk
01:22:23]} {[%emt 00:08:41]} 4. Qxd4 {[%clk 01:31:27]} {[%emt 00:00:02]} Nc6
{[%clk 01:22:24]} {[%emt 00:00:29]} 5. Qe3+ {[%clk 01:31:08]} {[%emt 00:00:49]}
Be7 {[%clk 01:17:54]} {[%emt 00:05:00]} 6. Nd5 {[%clk 01:22:21]} {[%emt
00:09:17]} d6 {[%clk 01:02:01]} {[%emt 00:16:24]} 7. g3 {[%clk 01:11:10]}
{[%emt 00:11:40]} Ne5 {[%clk 00:54:26]} {[%emt 00:08:04]} 8. Bg2 {[%clk
00:59:16]} {[%emt 00:12:24]} c6 {[%clk 00:47:26]} {[%emt 00:07:31]} 9. Nxe7
{[%clk 00:54:02]} {[%emt 00:05:42]} Qxe7 {[%clk 00:45:32]} {[%emt 00:02:25]}
10. b3 {[%clk 00:52:04]} {[%emt 00:02:29]} Nf6 {[%clk 00:45:50]} {[%emt
00:00:11]} 11. Bb2 {[%clk 00:49:17]} {[%emt 00:03:17]} O-O {[%clk 00:40:45]}
{[%emt 00:05:35]} 12. Nh3 {[%clk 00:32:52]} {[%emt 00:16:55]} Nfg4 {[%clk
00:26:48]} {[%emt 00:14:27]} 13. Qd2 {[%clk 00:26:07]} {[%emt 00:07:15]} Rd8
{[%clk 00:09:54]} {[%emt 00:17:24]} 14. O-O {[%clk 00:23:04]} {[%emt 00:03:33]}
Nf6 {[%clk 00:08:58]} {[%emt 00:01:25]} 15. Rad1 {[%clk 00:17:31]} {[%emt
00:06:03]} Nf7 {[%clk 00:05:26]} {[%emt 00:04:03]} 16. Nf4 {[%clk 00:13:33]}
{[%emt 00:04:28]} Be6 {[%clk 00:03:09]} {[%emt 00:02:47]} 17. Ba3 {[%clk
00:11:36]} {[%emt 00:02:27]} Rd7 {[%clk 00:03:00]} {[%emt 00:00:39]} 18. Rfe1
{[%clk 00:06:25]} {[%emt 00:05:41]} Ne4 {[%clk 00:02:39]} {[%emt 00:00:50]} 19.
Qc2 {[%clk 00:05:42]} {[%emt 00:01:14]} Nf6 {[%clk 00:01:52]} {[%emt 00:01:17]}
20. e4 {[%clk 00:04:50]} {[%emt 00:01:22]} fxe4 {[%clk 00:02:07]} {[%emt
00:00:15]} 21. Bxe4 {[%clk 00:03:39]} {[%emt 00:01:40]} Ne5 {[%clk 00:01:07]}
{[%emt 00:01:30]} 22. Nxe6 {[%clk 00:02:15]} {[%emt 00:01:54]} Qxe6 {[%clk
00:01:06]} {[%emt 00:00:32]} 23. f4 {[%clk 00:02:05]} {[%emt 00:00:39]} Nxe4
{[%clk 00:00:47]} {[%emt 00:00:50]} 24. Qxe4 {[%clk 00:01:57]} {[%emt
00:00:39]} 1-0

[Event "DVM U20 2023"]
[Site "Magdeburg GER"]
[Date "2023.12.29"]
[Round "5"]
[White "Geltz, Noah"]
[Black "Leonard, Timo"]
[Result "1-0"]
[Termination "normal"]
[Board "6.1"]
[WhiteElo "2166"]
[BlackElo "2170"]
[WhiteClock "01:06:08"]
[BlackClock "00:06:48"]
[WhiteTeam "SF HN-Biberach 1978"]
[BlackTeam "SV Hemer 1932"]
[PlyCount "49"]
[WhiteFideId "16224256"]
[BlackFideId "16208757"]
[EventCountry "GER"]
[EventRounds "7"]
[EventType "team-swiss"]
[EventDate "2023.12.26"]

1. d4 {[%clk 01:30:51]} {[%emt 00:00:08]} d5 {[%clk 01:30:55]} {[%emt
00:00:06]} 2. Nf3 {[%clk 01:30:27]} {[%emt 00:00:52]} Nf6 {[%clk 01:31:19]}
{[%emt 00:00:06]} 3. Bf4 {[%clk 01:30:51]} {[%emt 00:00:06]} c5 {[%clk
01:31:00]} {[%emt 00:00:49]} 4. e3 {[%clk 01:31:10]} {[%emt 00:00:13]} Nc6
{[%clk 01:31:00]} {[%emt 00:00:28]} 5. Nbd2 {[%clk 01:31:08]} {[%emt 00:00:31]}
Qb6 {[%clk 01:29:56]} {[%emt 00:01:35]} 6. dxc5 {[%clk 01:30:52]} {[%emt
00:00:47]} Qxb2 {[%clk 01:30:13]} {[%emt 00:00:13]} 7. Rb1 {[%clk 01:31:14]}
{[%emt 00:00:08]} Qc3 {[%clk 01:30:30]} {[%emt 00:00:12]} 8. Bb5 {[%clk
01:31:24]} {[%emt 00:00:21]} g6 {[%clk 01:18:02]} {[%emt 00:12:58]} 9. e4
{[%clk 01:31:27]} {[%emt 00:00:26]} dxe4 {[%clk 01:04:50]} {[%emt 00:13:42]}
10. Be5 {[%clk 01:31:33]} {[%emt 00:00:24]} Qa5 {[%clk 01:02:08]} {[%emt
00:03:12]} 11. O-O {[%clk 01:31:50]} {[%emt 00:00:14]} exf3 {[%clk 00:38:01]}
{[%emt 00:24:37]} 12. Nc4 {[%clk 01:30:12]} {[%emt 00:02:07]} Qd8 {[%clk
00:37:00]} {[%emt 00:01:30]} 13. Bxc6+ {[%clk 01:22:44]} {[%emt 00:07:59]} bxc6
{[%clk 00:35:11]} {[%emt 00:02:19]} 14. Qxf3 {[%clk 01:23:09]} {[%emt
00:00:06]} Qd5 {[%clk 00:23:42]} {[%emt 00:11:59]} 15. Nd6+ {[%clk 01:23:35]}
{[%emt 00:00:04]} Kd7 {[%clk 00:19:53]} {[%emt 00:04:19]} 16. Qc3 {[%clk
01:23:06]} {[%emt 00:00:59]} exd6 {[%clk 00:17:34]} {[%emt 00:02:49]} 17. Bxf6
{[%clk 01:22:41]} {[%emt 00:00:55]} Rg8 {[%clk 00:17:40]} {[%emt 00:00:24]} 18.
Rbd1 {[%clk 01:15:51]} {[%emt 00:07:21]} Qf5 {[%clk 00:16:01]} {[%emt
00:02:09]} 19. cxd6 {[%clk 01:14:35]} {[%emt 00:01:46]} Rb8 {[%clk 00:11:54]}
{[%emt 00:04:36]} 20. Rfe1 {[%clk 01:12:20]} {[%emt 00:02:44]} Rb5 {[%clk
00:09:36]} {[%emt 00:02:49]} 21. Qd4 {[%clk 01:05:17]} {[%emt 00:07:33]} Qc5
{[%clk 00:07:00]} {[%emt 00:03:06]} 22. Qe4 {[%clk 01:05:29]} {[%emt 00:00:18]}
Qxd6 {[%clk 00:06:04]} {[%emt 00:01:26]} 23. Qe7+ {[%clk 01:05:23]} {[%emt
00:00:36]} Bxe7 {[%clk 00:06:23]} {[%emt 00:00:11]} 24. Rxe7+ {[%clk 01:05:46]}
{[%emt 00:00:07]} Kd8 {[%clk 00:06:48]} {[%emt 00:00:05]} 25. Rxd6+ {[%clk
01:06:08]} {[%emt 00:00:08]} 1-0

[Event "DVM U20 2023"]
[Site "Magdeburg GER"]
[Date "2023.12.29"]
[Round "5"]
[White "Trinh, Fabian Dat"]
[Black "Triantafillidis, Simeon"]
[Result "1/2-1/2"]
[Termination "normal"]
[Board "6.2"]
[WhiteElo "1875"]
[BlackElo "2026"]
[WhiteClock "00:03:28"]
[BlackClock "00:11:57"]
[WhiteTeam "SV Hemer 1932"]
[BlackTeam "SF HN-Biberach 1978"]
[PlyCount "49"]
[WhiteFideId "16243641"]
[BlackFideId "12953113"]
[EventCountry "GER"]
[EventRounds "7"]
[EventType "team-swiss"]
[EventDate "2023.12.26"]

1. d4 {[%clk 01:30:56]} {[%emt 00:00:04]} c5 {[%clk 01:30:52]} {[%emt
00:00:09]} 2. d5 {[%clk 01:30:39]} {[%emt 00:00:47]} e6 {[%clk 01:30:53]}
{[%emt 00:00:29]} 3. e4 {[%clk 01:29:20]} {[%emt 00:01:49]} exd5 {[%clk
01:28:59]} {[%emt 00:02:23]} 4. exd5 {[%clk 01:29:45]} {[%emt 00:00:05]} d6
{[%clk 01:28:58]} {[%emt 00:00:32]} 5. Nc3 {[%clk 01:28:51]} {[%emt 00:01:24]}
Nf6 {[%clk 01:25:30]} {[%emt 00:03:58]} 6. Nf3 {[%clk 01:27:16]} {[%emt
00:02:04]} Be7 {[%clk 01:24:55]} {[%emt 00:01:05]} 7. Be2 {[%clk 01:26:18]}
{[%emt 00:01:29]} O-O {[%clk 01:23:44]} {[%emt 00:01:42]} 8. O-O {[%clk
01:26:07]} {[%emt 00:00:39]} Bf5 {[%clk 01:22:08]} {[%emt 00:02:06]} 9. Bf4
{[%clk 01:20:02]} {[%emt 00:06:35]} Na6 {[%clk 01:16:03]} {[%emt 00:06:35]} 10.
Re1 {[%clk 01:08:14]} {[%emt 00:12:18]} Nc7 {[%clk 01:13:30]} {[%emt 00:03:03]}
11. a4 {[%clk 01:06:08]} {[%emt 00:02:36]} Re8 {[%clk 01:05:21]} {[%emt
00:08:39]} 12. Bc4 {[%clk 00:53:50]} {[%emt 00:12:48]} Bf8 {[%clk 00:48:06]}
{[%emt 00:17:47]} 13. Rxe8 {[%clk 00:53:17]} {[%emt 00:01:02]} Qxe8 {[%clk
00:46:16]} {[%emt 00:02:20]} 14. Nd2 {[%clk 00:51:29]} {[%emt 00:02:17]} Ng4
{[%clk 00:36:27]} {[%emt 00:10:19]} 15. Nf1 {[%clk 00:47:36]} {[%emt 00:04:23]}
Ne5 {[%clk 00:35:00]} {[%emt 00:01:58]} 16. Ne3 {[%clk 00:47:01]} {[%emt
00:01:04]} Bg6 {[%clk 00:33:01]} {[%emt 00:02:29]} 17. Be2 {[%clk 00:40:20]}
{[%emt 00:07:10]} Qd8 {[%clk 00:29:50]} {[%emt 00:03:42]} 18. Bg3 {[%clk
00:33:40]} {[%emt 00:07:10]} f5 {[%clk 00:24:24]} {[%emt 00:05:56]} 19. f4
{[%clk 00:23:58]} {[%emt 00:10:13]} Nd7 {[%clk 00:24:33]} {[%emt 00:00:21]} 20.
Bd3 {[%clk 00:23:34]} {[%emt 00:00:52]} Qf6 {[%clk 00:24:32]} {[%emt 00:00:32]}
21. Qf3 {[%clk 00:22:18]} {[%emt 00:01:45]} Re8 {[%clk 00:18:14]} {[%emt
00:06:49]} 22. Be1 {[%clk 00:19:07]} {[%emt 00:03:41]} Be7 {[%clk 00:13:40]}
{[%emt 00:05:06]} 23. a5 {[%clk 00:11:35]} {[%emt 00:08:00]} Qf7 {[%clk
00:12:15]} {[%emt 00:01:55]} 24. Bc4 {[%clk 00:05:30]} {[%emt 00:06:35]} Bf6
{[%clk 00:11:57]} {[%emt 00:00:49]} 25. Bf2 {[%clk 00:03:28]} {[%emt 00:02:31]}
1/2-1/2

[Event "DVM U20 2023"]
[Site "Magdeburg GER"]
[Date "2023.12.29"]
[Round "5"]
[White "Späth, René"]
[Black "Dartmann Aubanell, Catriona"]
[Result "1-0"]
[Termination "normal"]
[Board "6.3"]
[WhiteElo "1588"]
[BlackElo "1856"]
[WhiteClock "00:22:46"]
[BlackClock "00:01:20"]
[WhiteTeam "SF HN-Biberach 1978"]
[BlackTeam "SV Hemer 1932"]
[PlyCount "51"]
[WhiteFideId "16224272"]
[BlackFideId "24585270"]
[EventCountry "GER"]
[EventRounds "7"]
[EventType "team-swiss"]
[EventDate "2023.12.26"]

1. e4 {[%clk 01:30:58]} {[%emt 00:00:03]} e6 {[%clk 01:30:31]} {[%emt
00:00:29]} 2. d4 {[%clk 01:31:15]} {[%emt 00:00:13]} d5 {[%clk 01:30:57]}
{[%emt 00:00:05]} 3. e5 {[%clk 01:31:35]} {[%emt 00:00:08]} c5 {[%clk
01:31:19]} {[%emt 00:00:09]} 4. c3 {[%clk 01:31:59]} {[%emt 00:00:06]} Nc6
{[%clk 01:31:30]} {[%emt 00:00:19]} 5. Nf3 {[%clk 01:31:46]} {[%emt 00:00:43]}
Bd7 {[%clk 01:31:44]} {[%emt 00:00:17]} 6. Be2 {[%clk 01:28:48]} {[%emt
00:03:27]} Nge7 {[%clk 01:27:44]} {[%emt 00:04:31]} 7. O-O {[%clk 01:23:52]}
{[%emt 00:05:26]} Nf5 {[%clk 01:25:55]} {[%emt 00:02:19]} 8. g4 {[%clk
01:21:37]} {[%emt 00:02:44]} Nh4 {[%clk 01:20:13]} {[%emt 00:06:13]} 9. a3
{[%clk 01:10:41]} {[%emt 00:11:25]} Nxf3+ {[%clk 01:14:31]} {[%emt 00:06:14]}
10. Bxf3 {[%clk 01:10:53]} {[%emt 00:00:17]} Qb6 {[%clk 01:13:48]} {[%emt
00:01:13]} 11. dxc5 {[%clk 01:03:36]} {[%emt 00:07:46]} Bxc5 {[%clk 01:13:20]}
{[%emt 00:00:59]} 12. b4 {[%clk 01:03:36]} {[%emt 00:00:29]} Be7 {[%clk
01:13:21]} {[%emt 00:00:29]} 13. Bf4 {[%emt 00:19:54]} Rc8 {[%clk 00:56:35]}
14. Nd2 {[%clk 00:56:19]} {[%emt 00:05:39]} Qc7 {[%clk 00:51:00]} {[%emt
00:06:06]} 15. Re1 {[%clk 00:52:41]} {[%emt 00:04:08]} Nb8 {[%clk 00:45:03]}
{[%emt 00:06:27]} 16. Rc1 {[%clk 00:48:53]} {[%emt 00:04:17]} Bb5 {[%clk
00:42:05]} {[%emt 00:03:29]} 17. Be2 {[%clk 00:43:34]} {[%emt 00:05:48]} Bxe2
{[%clk 00:38:56]} {[%emt 00:03:39]} 18. Qxe2 {[%clk 00:43:24]} {[%emt
00:00:40]} Qd8 {[%clk 00:34:18]} {[%emt 00:05:09]} 19. Nf3 {[%clk 00:40:03]}
{[%emt 00:03:51]} Rc4 {[%clk 00:31:33]} {[%emt 00:03:15]} 20. Nd4 {[%clk
00:33:22]} {[%emt 00:07:10]} a6 {[%clk 00:28:00]} {[%emt 00:04:04]} 21. Bg3
{[%clk 00:29:43]} {[%emt 00:04:07]} Nd7 {[%clk 00:25:31]} {[%emt 00:03:00]} 22.
f4 {[%clk 00:27:51]} {[%emt 00:02:23]} g6 {[%clk 00:21:09]} {[%emt 00:04:53]}
23. f5 {[%clk 00:25:24]} {[%emt 00:02:56]} gxf5 {[%clk 00:07:31]} {[%emt
00:14:09]} 24. gxf5 {[%clk 00:22:51]} {[%emt 00:03:02]} exf5 {[%clk 00:02:56]}
{[%emt 00:05:05]} 25. e6 {[%clk 00:22:30]} {[%emt 00:00:51]} fxe6 {[%clk
00:01:20]} {[%emt 00:02:07]} 26. Qh5+ {[%clk 00:22:46]} {[%emt 00:00:13]} 1-0

[Event "DVM U20 2023"]
[Site "Magdeburg GER"]
[Date "2023.12.29"]
[Round "5"]
[White "Poggemann, Alexander"]
[Black "Epp, Magnus"]
[Result "0-1"]
[Termination "normal"]
[Board "6.4"]
[WhiteElo "1750"]
[BlackElo "1478"]
[WhiteTeam "SV Hemer 1932"]
[BlackTeam "SF HN-Biberach 1978"]
[PlyCount "51"]
[WhiteFideId "16224167"]
[BlackFideId "16289773"]
[EventCountry "GER"]
[EventRounds "7"]
[EventType "team-swiss"]
[EventDate "2023.12.26"]

1. e4 {[%emt 00:41:31]} c5 {[%emt 00:00:18]} 2. c3 {[%emt 00:00:24]} Nf6 {[%emt
00:00:16]} 3. e5 {[%emt 00:00:17]} Nd5 {[%emt 00:00:01]} 4. Nf3 {[%emt
00:00:25]} Nc6 {[%emt 00:00:47]} 5. d4 {[%emt 00:00:33]} cxd4 {[%emt 00:00:11]}
6. cxd4 {[%emt 00:00:21]} d6 {[%emt 00:00:56]} 7. Bc4 {[%emt 00:00:46]} dxe5
{[%emt 00:00:59]} 8. Nxe5 {[%emt 00:01:30]} e6 {[%emt 00:00:20]} 9. O-O {[%emt
00:02:24]} Be7 {[%emt 00:02:57]} 10. Nc3 {[%emt 00:00:58]} O-O {[%emt
00:01:34]} 11. f4 {[%emt 00:13:00]} Nb6 {[%emt 00:03:19]} 12. Nxc6 {[%emt
00:01:52]} bxc6 {[%emt 00:00:02]} 13. Bb3 {[%emt 00:03:25]} Bf6 {[%emt
00:00:40]} 14. Be3 {[%emt 00:04:25]} Ba6 {[%emt 00:00:18]} 15. Rf3 {[%emt
00:02:57]} Bb7 {[%emt 00:26:52]} 16. Rh3 {[%emt 00:24:21]} g6 {[%emt 00:10:22]}
17. Ne4 {[%emt 00:04:49]} Nd5 {[%emt 00:01:37]} 18. Bxd5 {[%emt 00:10:12]} exd5
{[%emt 00:00:40]} 19. Ng5 {[%emt 00:06:40]} Bxg5 {[%emt 00:01:08]} 20. fxg5
{[%emt 00:00:04]} Re8 {[%emt 00:03:46]} 21. Qf3 {[%emt 00:06:16]} Re4 {[%emt
00:03:44]} 22. Rf1 {[%emt 00:04:47]} Qe7 {[%emt 00:02:09]} 23. Bf4 {[%emt
00:03:15]} Ba6 {[%emt 00:17:04]} 24. Be5 {[%emt 00:07:51]} Rxe5 {[%emt
00:02:30]} 25. dxe5 {[%emt 00:00:39]} Bxf1 {[%emt 00:00:09]} 26. Rh6 {[%emt
00:00:34]} 0-1